The Little Mermaid characters by picture - Statistics

General Stats
  • This quiz has been taken 82 times
  • The average score is 8 of 16
Answer Stats
Picture Answer % Correct
Ariel
100%
Sebastian
91%
Flounder
88%
Prince Eric
86%
Ursula
86%
King Triton
77%
Scuttle
62%
Melody
45%
Flotsam and Jetsam
41%
Morgana
24%
Queen Athena
20%
Tip
12%
Dash
11%
Undertow
9%
Marina Del Rey
6%
Benjamin
2%
No matching quizzes found
Score Distribution
Percent of People with Each Score
Percentile by Number Answered
Your Score History
You have not taken this quiz